[Event "Biel GM"]
[Site "Biel"]
[Date "2006.07.27"]
[Round "4"]
[White "Bruzon Batista, Lazaro"]
[Black "Carlsen, Magnus"]
[Result "1/2-1/2"]
[WhiteElo "2667"]
[BlackElo "2675"]
[Annotator "Marin,M"]
[PlyCount "98"]
[EventDate "2006.07.24"]
[EventType "tourn"]
[EventRounds "10"]
[EventCountry "SUI"]
[EventCategory "17"]
[SourceTitle "CBM 114"]
[Source "ChessBase"]
[SourceDate "2006.10.02"]
[SourceVersion "1"]
[SourceVersionDate "2006.10.02"]
[SourceQuality "1"]

1. Nf3 Nf6 2. c4 c5 3. Nc3 Nc6 4. g3 ({According to the present stage of
theory, the immediate opening of the centre with} 4. d4 cxd4 5. Nxd4 {allows
Black adequate counterplay after} e6 6. g3 Qb6 {. In fact, Carlsen himself
unsuccessfully tried to change this evaluation when playing with White just
one round later.}) 4... g6 ({In case of} 4... d5 {White is not forced to
accept playing a reversed Maroczy, but can actively fight for the supremacy in
the centre with} 5. d4) 5. Bg2 Bg7 6. O-O O-O 7. d4 cxd4 8. Nxd4 Nxd4 9. Qxd4
d6 10. Qd3 {This position can arise via fianchetto King's Indian move order
and, decades ago, was one of Geller's favourite weapon with Black. Compared
with a genuine Maroczy, the more active placement of the white king's bishop
certainly puts some pressure on the enemy queen side, but its absence from the
"traditional" f1-a6 diagonal facilitates Black's counterplay based on ...a6
and ...b5.} a6 11. Bd2 {This apparently modest development of the bishop is
aimed to inhibit the development of the enemy queen to the active a5-square,
where from it can be easily transferred to h5 in order to put pressure on the
white king side.} ({The main alternative is} 11. Be3) 11... Rb8 12. Rac1 Bf5 {
Before placing the bishop on d7 in order to sustain the planned ...b5, Black
forces his opponent to advance the pawn to e4, not only releasing part of his
pressure against the queen side but also creating himself a potential weakness
in the centre. Quite curiously, this logical continuation is not the most
popular here.} ({The immediate} 12... b5 {, which leads to complications that
tend to favour White and}) (12... Bd7 {have been more frequently seen in
practice.}) 13. e4 {By the way, if White had developed the bishop on e3, he
would have had to retreat with his queen (most likely to d2), allowing Black
to complete his development in a very comfortable way with 13...Qd7.} Bd7 14.
h3 {This prophyactical move, depriving the enemy knight from the g4-square,
does not prepare Be3 as it could seem at first glance (and which would be
slightly inconsequent) but the advance of the b-pawn to b4, in order to keep
Black's queen side initiative under control. White has no reasonable ways to
prevent ...b5, so that he has to learn to live with it. In practice several
other moves have been tried, without too much success.} (14. Be3 $6 b5 15. cxb5
axb5 {faces White with the unpleasant threat ...b4.} 16. Ba7 {Aiming to solve
the problems by tactical means, but this only helps Black develop his
initiative.} ({The usefullness of the move h3 can be seen after} 16. b4 Ng4 {
followed by ...Ne5-c4.}) 16... b4 $1 17. Bxb8 bxc3 18. Ba7 cxb2 $17 {0-1
Lengyel,L-Geller,E/Beverwijk 1965/MCD (26)}) ({Playing for the better
development with} 14. Rfd1 b5 15. c5 b4 16. Nb1 {as happened in the game 1-0
Zheliandinov,V-Pribyl,J/Prague 1966/EXT 99, should fail because White's
position contains too many weaknesses already. Khalifman recommends} dxc5 $1
17. Rxc5 Ba4 18. Qxd8 Rfxd8 19. Rdc1 Nd7 $13) ({The physical prevention of ...
b5 with} 14. a4 {has the significant drawback that it weakens the b4-square.}
Ng4 {Black probably intended to outplay his less experienced and lower rated
opponent in a position with flexible structure, but this could have led to
trouble.} ({The standard reaction is} 14... a5 15. h3 Bc6 {[%cal Yf6d7,Yd7c5]})
15. b3 Ne5 16. Qe2 Bc6 17. b4 b6 18. Rfe1 e6 {1/2-1/2 Petrosian,A (2320)
-Vasiukov,E (2560)/Riga 1975/MCD. and now White could have obtained an
advantage with} 19. f4 Nd7 20. Qd3 Qc7 (20... Qe7 21. e5 Bxg2 22. exd6 $16) 21.
Nb5 $1 axb5 22. cxb5 Bxe4 23. Bxe4 Qa7 24. Bc6 $16) ({One month later, Carlsen
managed to defend Black's point of view against a legendary opponent. In that
game, White avoided to weaken his position in any way, but completely failed
to put Black under pressure.} 14. b3 b5 15. Rfd1 bxc4 16. Qxc4 Qb6 17. h3 Rfc8
18. Qe2 h5 19. Be3 Qa5 20. Qd2 Kf8 21. Ne2 Qxd2 22. Bxd2 Ke8 23. Rxc8+ Rxc8 24.
Rc1 Rxc1+ 25. Bxc1 Bb5 26. Nc3 Bd3 27. Bd2 Kd7 28. f3 Ne8 29. Bf1 Bxf1 {
1/2-1/2 Andersson,U (2542)-Carlsen,M (2675)/Amsterdam NED 2006/TWIC 617}) 14...
b5 15. cxb5 axb5 16. b4 {The critical moment of the opening. White has managed
to stop Black's first wave of counterplay. The b5-pawn is submitted to strong
pressure, while Black's minor pieces are considerably restricted in their
actions. However, it can be foreseeen that if Black will be able to regroup in
a favourable way, the weaknesses in White's camp (c4, d3, d4) might tell. We
can state that the position is strategically unbalanced.} Qe8 $5 $146 {This
slightly unnatural move, typical for the Dutch Defence rather than for the
English-Maroczy, has the very concrete purpose of over-defending the b5-pawn
in order to enable the maneouvre ...Be6 followed by ...Nd7-e5. In the games
played so far, Black has generally abandoned the pawn for the sake of
obtaining dynamic compensation.} (16... Ra8 17. Nxb5 Rxa2 18. Nc3 Ra8 19. b5 {
This unnecesarily gives up the control of the a5-square.} (19. Ra1 $5 $14)
19... Ra3 20. Ra1 Qa5 21. Rxa3 Qxa3 22. b6 Rb8 23. Qe3 Qa6 24. Rb1 Be6 25. Bf1
Qb7 26. Rb5 Bd7 27. Rb3 Bc6 28. Bg2 Nd7 {Black has safely blocked the enemy
pawn and has nothing to fear. In fact, in the game 1/2-1/2 Smyslov,V-Geller,E/
Moscow 1965/Candidates (79) White eventually lost the pawn and had to fight
hard for a draw.}) ({The spectacular} 16... Be6 {was successfull in a
corespondence game, but does not look entirely sound.} 17. Nxb5 Qd7 18. a4 Bxh3
19. Rc7 Bxg2 (19... Qg4 20. Rxe7 $16) (19... Qe6 20. Nd4 Qg4 21. Bf3 $18 {
[%csl Yg4]}) 20. Rxd7 ({In case of the simple} 20. Kxg2 Qe6 21. Re1 {Black
would still need to prove that his counterplay against the slightly weakened
white king side offers adequate compensation for the queen side passed pawns.})
20... Bxf1 21. Qxf1 Nxd7 22. a5 ({Simpler is} 22. Na7 Ra8 23. Nc6 $16) 22...
Ne5 23. Kg2 Rfc8 24. a6 Nc4 25. a7 Nxd2 26. axb8=Q Rxb8 27. Qd3 Nxe4 28. Qxe4
Rxb5 29. Qc4 Rb6 30. b5 Bd4 $5 $11 31. Qxd4 Rxb5 {Black's fortress is
impossible to break. In fact, the position would be drawn even if Black would
miss one of the h- or d-pawns, something Fritz would never believe, though.}
32. f4 Rc5 33. g4 f6 34. Kg3 Kf7 {1/2-1/2 Meissner,P-Handke,M/DDR corr 1982/
Corr Nr. 1}) 17. Rfe1 Be6 18. Nd5 {There was no hurry to jump with the knight
to d5 so soon, because the threat ...Bc4 is not so strong. In fact, the bishop
could be slightly exposed on that square, in view of the possibility of a
further a4.} (18. Bg5 $5 Bc4 19. Qd2 Nd7 20. Nd5 f6 (20... Bxd5 21. exd5 $16 {
[%csl Yc6,Ye7]}) 21. Be3 Ne5 22. Red1 $14 f5 23. f4 Nd3 24. Rc3 $1 Bxc3 25.
Qxc3 $16) 18... Nd7 (18... Bxd5 {would be premature because after} 19. exd5 {
[%csl Yc6] White would get an excellent outpost for his rooks on c6.}) 19. f4 {
This is a double edged decision. If White will not manage to break the
position with a further e5, the advance of the pawn to f4 would count only as
a weakening move.} (19. Qe2 $5) 19... Nb6 20. Bc3 $6 {But this is innacurate
already. After having weakened so many dark squares in his position, White
should have avoided the exchange of the dark squared bishops, especially that
there was nothing to fear along the a1-h8 diagonal.} (20. Nc7 $5 Qd7 21. Nxe6
fxe6 22. e5 $36) 20... Bxc3 21. Qxc3 Bxd5 $1 {Now, only the negative aspects
of the move f4 will be revealed.} 22. exd5 Rb7 $13 {White has a slightly more
active position, but his structure contains more weaknesses than his
opponent's. Chances are about equal in a rather complicated position.} 23. Rc2
Qa8 24. Rce2 Rc8 25. Qf3 Nc4 26. h4 Qa7+ 27. Kh1 Re8 28. h5 Qd4 29. Re4 Qf6 30.
Qe2 Ra7 31. h6 Kf8 32. Bh3 Ra3 33. Qh2 Nb6 34. Bf1 Nxd5 35. Bxb5 Rc8 36. Bc4
Qf5 37. Bb3 e6 38. Kg1 Rc3 39. Qh4 Nf6 40. R4e3 Rxe3 41. Rxe3 Ra8 42. Re2 Qb1+
43. Kg2 Qd3 44. Rxe6 Nd5 45. Re1 Ne3+ 46. Rxe3 Qxe3 47. Qf6 Qe2+ 48. Kg1 Qe1+
49. Kg2 Qe2+ 1/2-1/2

[Event "Biel GM"]
[Site "Biel"]
[Date "2006.07.31"]
[Round "7"]
[White "Morozevich, Alexander"]
[Black "Carlsen, Magnus"]
[Result "0-1"]
[WhiteElo "2731"]
[BlackElo "2675"]
[Annotator "Carlsen,M"]
[PlyCount "100"]
[EventDate "2006.07.24"]
[EventType "tourn"]
[EventRounds "10"]
[EventCountry "SUI"]
[EventCategory "17"]
[SourceTitle "CBM 114"]
[Source "ChessBase"]
[SourceDate "2006.10.02"]
[SourceVersion "1"]
[SourceVersionDate "2006.10.02"]
[SourceQuality "1"]

1. e4 c5 2. Nf3 Nc6 3. Bb5 Nf6 4. Bxc6 dxc6 5. d3 Nd7 {Neither this nor my
third move are the most common, but I had taken a look at them and I must say
that on the whole I like Black's position. Weder dieser noch mein dritter Zug
sind die geläufigsten, aber ich habe sie mir ein wenig angeschaut, und ich
muss sagen, dass generell mir Schwarz gefällt.} 6. Bf4 $5 {This seems like a
novelty, but it is also a logical one, preventing e5. Additionally, I guess it
serves Moros style well Dies sieht aus wie eine Neuerung, aber es ist auch
eine sehr logische; e5 wird verhindert. Außerdem schätze ich, es passt sehr
gut zu Moros Stil.} g6 (6... e5 $2 7. Nxe5 Qf6 8. Nxd7 Qxb2 $2 (8... Bxd7 9.
Qc1 $16) 9. Be5 $1 $18) 7. Qc1 {The logical follow-up. Die logische Folge.} Bg7
$6 {I decided to play a bit unusually as well for a change, but it will give
me some problems. It was more in the spirit of the position to play Ich
beschloss, zur Abwechslung auch einmal ein wenig ungewöhnlich zu spielen, aber
dies wird mir ein paar Probleme bereiten. Mehr im Geist der Stellung war} (7...
h6 {with good chances of obtaining a type of position like in the variation 3..
.g6 4.Bxc6 dxc6 and a normal game. mit guten Chancen, einen Stellungstyp wie
in der Variante 3...g6 4.Bxc6 dxc6 zu erreichen, und einer normalen Partie.})
8. Bh6 Qa5+ $1 9. c3 Ne5 {The point of my play. However, I had evaluated the
arising type of position mistakenly. Die Pointe meines Spiels. Allerdings
hatte ich den entstehenden Stellungstyp falsch eingeschätzt.} 10. Nxe5 Bxe5 11.
Nd2 Qa6 {Slightly strange and eventually the queen will feel uncomfortable
here, but I wanted to avoid Etwas seltsam, und am Ende wird sich die Dame hier
unwohl fühlen, aber ich wollte} (11... Be6 12. Nb3 Qb5 (12... Qb6 13. Be3 Bxb3
14. axb3 $14) 13. c4 Qb6 14. Be3 {Probably without reason, as vermeiden.
Vermutlich grundlos, denn} Rd8 {gives me certain play for a pawn, even if
probably not enough. gibt mir gewisses Spiel für einen Bauern, wenngleich
wahrscheinlich nicht genug.}) 12. Qc2 Be6 13. f4 (13. Nf3 Bc7 14. Ng5 O-O-O (
14... Bd7 15. Qb3 $16) 15. Nxe6 fxe6 {is ok for Black due to the pressure on
d3. ist okay für Schwarz wegen des Drucks auf d3.}) 13... Bc7 14. O-O f6 {
I felt that I had to provide my bishop with a square on f7 after a possible
f4-f5. Ich hatte das Gefühl, meinem Läufer ein Feld auf f7 verschaffen zu
müssen nach einem möglichen f4-f5.} 15. c4 $1 O-O-O 16. a4 $1 {Here I finally
realised what my oppenent was up to, but I still felt that the upcoming
complications should be ok for me. Hier begriff ich endlich, was mein Gegner
im Schilde führte, aber ich meinte noch immer, dass die bevorstehenden
Komplikationen für mich okay sein sollten.} Rd7 {Actually, this seems like the
best chance, as Sieht tatsächlich aus wie die beste Chance, denn} (16... Ba5
17. Nb3 Bb4 18. a5 {is fairly cheerless, with the queen totally out of play.
ist ziemlich freudlos, da die Dame völlig außer Spiel bleibt.}) 17. a5 Rhd8 18.
Ra3 Bxa5 $5 {A terribly risky move, not even the engines prefer this! However,
I calculated the variations, and it seemed to me that Black would eventually
be fine. Ein schrecklich riskanter Zug; nicht einmal Engines wollen dies
spielen! Aber ich berechnete die Varianten, und mir schien, dass Schwarz am
Ende ordentlich stehen würde.} 19. f5 {A good move, it is useful to include
Bh6 in the game. Ein guter Zug; es ist nützlich, den Bh6 mitspielen zu lassen.}
Bf7 20. fxg6 (20. Nb3 Rxd3 21. Nxc5 (21. Rxa5 {gives nothing: ergibt nichts:}
Qxc4 22. Qxc4 Bxc4 23. Nxc5 Rd1 24. Rxd1 Rxd1+ 25. Kf2 b6 26. Ra4 Bb5 27. Rxa7
bxc5 28. Rxe7 gxf5 29. exf5 Rf1+ 30. Kg3 Rxf5 31. Rxh7 Rh5 $1 $11) 21... Bb6 (
21... Qxc4 22. Qxc4 Bxc4 23. Nxd3 Bb6+ 24. Nf2 Bxf1 25. Kxf1 $16) (21... Qb6
22. Rxa5 (22. Rxd3 Rxd3 23. Qxd3 Qxc5+ $44) 22... R3d4 23. Qb3 (23. Rfa1 Rxc4
24. Qf2 Qxa5 $1)) 22. Rxa6 Bxc5+ 23. Kh1 bxa6 {with play similar to the game,
although after mit Spiel ähnlich der Partie, wenngleich weiß nach} 24. b3 $1 {
White probably has a slighlty better version, and he should maybe have gone
for it. wahrscheinlich eine leicht bessere Version hat, und er hätte sich
vielleicht dafür entscheiden sollen.}) 20... hxg6 21. e5 Be6 (21... Qb6 22.
Rfa1 Bb4 23. Rxa7 {is not great for Black. Instead, the idea of Be6 is very
clear: Put the bishop on f5 and activity at any cost! ist nicht toll für
Schwarz. Stattdessen ist die Idee von Be6 glasklar: den Läufer nach f5 stellen
und Aktivität um jeden Preis!}) 22. exf6 exf6 23. Nb3 (23. Rxf6 Bf5 $13) 23...
Rxd3 24. Nxc5 Bb6 (24... Qb6 25. Rxa5 Qxa5 26. Nxe6 $18) (24... Qxc4 25. Qxc4
Bxc4 26. Nxd3 Bb6+ 27. Nf2 Bxf1 28. Kxf1 $18) 25. Rxa6 (25. Rxd3 Bxc5+ 26. Kh1
Bd4 $5 {I was actually more worried about Rxd3 than the game continuation, but
I eventually found this continuation, and even if I still was not too sure
about it, it seemed to me that I would survive. Ich war eigentlich mehr
besorgt wegen Rxd3 als wegen der Partiefortsetzung, doch schließlich fand ich
diese Fortsetzung, und selbst wenn ich mir bei der Sache nicht allzu sicher
war, schien mir doch, dass ich überleben würde.} (26... Rxd3 {Is the obvious
continuation Die offensichtliche Fortsetzung.} 27. Qxd3 Bxc4 28. Qh3+ f5 29.
Re1 $13 {But my king did not feel too safe here... Allerdings fühlte sich mein
König hier nicht allzu sicher an...}) 27. Rxd4 (27. b3 Bf5 $15) 27... Rxd4 28.
Qxg6 Qxc4 29. Qxf6 Rd8 $13) 25... Bxc5+ 26. Kh1 bxa6 {During the game I was
totally convinced that I was fine here, with my active pieces, however, White
probably has a forced continuation leading to a better game for him even if
Black has counterchances. Während der Partie war ich völlig überzeugt, hier
ordentlich zu stehen, bei meinen aktiven Figuren; doch Weiß hat wahrscheinlich
eine forcierte Fortsetzung, die zu besserem Spiel für ihn führt, wenngleich
Schwarz Gegenchancen hat.} 27. Bg7 $4 {Too careless, and meeting a surprising
refutation. Zu sorglos, und findet eine überraschende Widerlegung.} (27. b4 $1
Bb6 (27... Bxb4 28. Qa4) 28. Qe2 {I did not see this move, which turns out to
be quite strong, and the only which poses Black any problems. Diesen Zug hatte
ich nicht gesehen, welcher sich als recht stark erweist und der einzige ist,
der Schwarz vor Probleme stellen kann.} Bf7 (28... Bf5 29. g4 $1) (28... Bxc4
$2 29. Qg4+) 29. Qe4 (29. Bg7 f5 30. c5 Bc7 31. Bf6 R8d7 $13) 29... Kb7 30. b5
axb5 31. cxb5 Bd5 32. Qe7+ (32. bxc6+ Bxc6 33. Qxg6 Rd1 $132) 32... Ka8 33.
bxc6 Bxc6 34. Qxf6) 27... Bg4 $1 {Surprisingly enough, after this there is no
way to defend against Rd1. Überraschenderweise gibt es hiernach keine
Verteidigung gegen Rd1.} 28. b4 (28. h3 Rd1 29. Rxd1 Rxd1+ 30. Kh2 Bd6+ 31. g3
Bf3 $1 $19) (28. Qa4 Rd1 $5 29. Qxc6+ Kb8 30. Qxf6 Rxf1+ 31. Qxf1 Rd1 $19)
28... Be3 (28... Bxb4 29. Qa4 Rd1 30. Qxc6+ Kb8 31. Rg1 {is amazingly enough
not so clear. ist verblüffenderweise nicht so klar.}) (28... Rd1 29. Rxd1 Rxd1+
30. Qxd1 Bxd1 31. bxc5 f5 {is probably won too, but more complicated. ist
wahrscheinlich auch gewonnen, aber komplizierter.}) 29. h3 Rd1 30. Rxd1 Rxd1+
31. Kh2 Bf4+ 32. g3 Rd2+ {I had somehow overlooked that I could not play Ich
hatte irgendwie übersehen, dass ich nicht} (32... Bf3 $4 {spielen konnte wegen}
33. gxf4 {and the king gets the g3 square! But the game continuation wins
easily enough. und der König erhält das Feld g3! Aber die Partiefortsetzung
gewinnt leicht genug.}) 33. Qxd2 Bxd2 34. hxg4 Bxb4 $6 {Here I played too fast,
right after I had made this move, I saw that I could have won much easier:
Hier spielte ich zu schnell; sofort nach Ausführung dieses Zuges sah ich, dass
ich viel leichter hätte gewinnen können:} (34... c5 35. bxc5 Bg5 36. Bf8 a5 37.
c6 Bc1 {and White will have to give up the bishop for the a-pawn. und Weiß
wird den Läufer für den a-Bauern geben müssen.}) 35. Bxf6 a5 36. Kg2 Kd7 37.
Kf3 Bd6 $1 38. Ke4 Bxg3 39. Kd3 Ke6 40. Bd4 a6 41. Kc2 a4 42. Kb1 Be5 43. Bf2
Kd6 44. Ka2 Bc3 45. Ka3 Ke5 46. Kxa4 Kf4 47. Bb6 Kxg4 48. Ba5 Bxa5 49. Kxa5 Kf4
50. Kb6 a5 0-1